Análisis psíquico y síntesis existencial. Relaciones entre análisis psíquico y los valores de la existencia

Estudio sobre el análisis psíquico que, si bien es de inspiración freudiana, no se adhiere a ninguna de las corrientes psicoanalíticas inmediatamente consecuentes de Freud (Jung, Adler o Lacan). En su defecto, habría de considerarse como un psicoanálisis freudiano heterodoxo, cuya particularidad rad...

पूर्ण विवरण

में बचाया:
ग्रंथसूची विवरण
मुख्य लेखक: Caruso, Igor
स्वरूप: पुस्तक
भाषा:Undetermined
प्रकाशित: Madrid, España Herder 1958
संस्करण:2
विषय:
टैग: टैग जोड़ें
कोई टैग नहीं, इस रिकॉर्ड को टैग करने वाले पहले व्यक्ति बनें!

MARC

LEADER 00000nam a2200000Ia 4500
008 170316s9999 xx 000 0 und d
040 |a cru BVZT 
090 |a 100 C-13.1a 
100 |a Caruso, Igor  |9 2042 
245 |a Análisis psíquico y síntesis existencial. Relaciones entre análisis psíquico y los valores de la existencia  |c / Igor Caruso 
250 |a 2 
260 |a Madrid, España  |b Herder  |c 1958 
300 |a 259 p. 
520 |a Estudio sobre el análisis psíquico que, si bien es de inspiración freudiana, no se adhiere a ninguna de las corrientes psicoanalíticas inmediatamente consecuentes de Freud (Jung, Adler o Lacan). En su defecto, habría de considerarse como un psicoanálisis freudiano heterodoxo, cuya particularidad radica en el vínculo del análisis psíquico con los valores de la existencia. Así, son objeto de reflexión el problema de la confusión en la psicología profunda, la neurosis en su aspecto negativo y positivo, la psicoterapia, entre otros 
650 |a FILOSOFÍA  |9 5 
999 |c 15841  |d 15841 
942 |c 15 D  |h 100 C-13.1a  |2 z